5HLuxD.jpg

KING HENRY VIII SENIOR AND PRIMARY SCHOOL LIBRARY OPAC

Nevertell / (Record no. 5857)

000 -LEADER
fixed length control field 02351cam a2200421 i 4500
001 - CONTROL NUMBER
control field (Sirsi) a1163273
003 - CONTROL NUMBER IDENTIFIER
control field OSt
005 - DATE AND TIME OF LATEST TRANSACTION
control field 20251119090405.0
008 - FIXED-LENGTH DATA ELEMENTS--GENERAL INFORMATION
fixed length control field 220301t20192019enka c 000 1 eng d
020 ## - INTERNATIONAL STANDARD BOOK NUMBER
International Standard Book Number 9781406385182
Qualifying information (paperback)
040 ## - CATALOGING SOURCE
Original cataloging agency AU@
Language of cataloging eng
Transcribing agency AU@
Modifying agency OCLCO
-- NZAUC
-- OCLCF
-- AUHCL
-- AUMCS
-- SINLB
-- OCL
-- OCLCA
-- OCLCQ
-- OCLCO
-- YDX
-- OCLCO
-- OCL
-- OCLCO
-- TAE
-- KH8
Description conventions rda
042 ## - AUTHENTICATION CODE
Authentication code nbic
082 ## - DEWEY DECIMAL CLASSIFICATION NUMBER
Classification number FIC ORT
100 1# - MAIN ENTRY--PERSONAL NAME
Personal name Orton, Katharine,
Relator term author.
245 10 - TITLE STATEMENT
Title Nevertell /
Statement of responsibility, etc. Katharine Orton.
246 3# - VARYING FORM OF TITLE
Title proper/short title Never tell.
264 #1 - PRODUCTION, PUBLICATION, DISTRIBUTION, MANUFACTURE, AND COPYRIGHT NOTICE
Place of production, publication, distribution, manufacture London :
Name of producer, publisher, distributor, manufacturer Walker Books,
Date of production, publication, distribution, manufacture, or copyright notice 2019.
264 #4 - PRODUCTION, PUBLICATION, DISTRIBUTION, MANUFACTURE, AND COPYRIGHT NOTICE
Date of production, publication, distribution, manufacture, or copyright notice ©2019.
300 ## - PHYSICAL DESCRIPTION
Extent 377 pages :
Other physical details illustrations ;
Dimensions 20 cm.
336 ## - CONTENT TYPE
Content type term text
Content type code txt
Source rdacontent.
336 ## - CONTENT TYPE
Content type term still image
Content type code sti
Source rdacontent.
337 ## - MEDIA TYPE
Media type term unmediated
Media type code n
Source rdamedia.
338 ## - CARRIER TYPE
Carrier type term volume
Carrier type code nc
Source rdacarrier.
500 ## - GENERAL NOTE
General note "A world of magic is only a whisper away..."--Cover.
520 ## - SUMMARY, ETC.
Summary, etc. All that eleven-year-old Lina knows of the world is the Stalinist labor camp where she was born, a place of hunger, cruelty, and deprivation. After a daring escape into the frigid Siberian wilds with her best friend, Bogdan, Lina vows to reach Moscow and find her long-lost grandmother, whom she hopes will help her return to the camp to rescue her mother. But out in the dark forests and haunted tundras, Lina and Bogdan catch the eye of a vengeful witch, a refugee of oppressive new laws about magic, who commands an army of shadow wolves. She seems drawn to some mysterious power within Lina herself. Pursued by the witch and in fear of recapture, Lina will need every ounce of courage she has - and a whisper of her own magic - if she and Bogdan are to survive the journey and bring hope to a dark place. An enthralling debut that weaves Russian fairy tales through fast-paced adventure.
521 1# - TARGET AUDIENCE NOTE
Target audience note Ages 9-12.
650 #0 - SUBJECT ADDED ENTRY--TOPICAL TERM
Topical term or geographic name entry element Witches
Form subdivision Juvenile fiction.
650 #0 - SUBJECT ADDED ENTRY--TOPICAL TERM
Topical term or geographic name entry element Escaped prisoners
Form subdivision Juvenile fiction.
650 #0 - SUBJECT ADDED ENTRY--TOPICAL TERM
Topical term or geographic name entry element Wolves
Form subdivision Juvenile fiction.
650 #0 - SUBJECT ADDED ENTRY--TOPICAL TERM
Topical term or geographic name entry element Magic
Form subdivision Juvenile fiction.
650 #0 - SUBJECT ADDED ENTRY--TOPICAL TERM
Topical term or geographic name entry element Best friends
Form subdivision Juvenile fiction.
650 #0 - SUBJECT ADDED ENTRY--TOPICAL TERM
Topical term or geographic name entry element Quests (Expeditions)
Form subdivision Juvenile fiction.
650 #0 - SUBJECT ADDED ENTRY--TOPICAL TERM
Topical term or geographic name entry element Courage
Form subdivision Juvenile fiction.
650 #0 - SUBJECT ADDED ENTRY--TOPICAL TERM
Topical term or geographic name entry element Labor camps
Geographic subdivision Russia (Federation)
-- Siberia
Form subdivision Juvenile fiction.
651 #0 - SUBJECT ADDED ENTRY--GEOGRAPHIC NAME
Geographic name Russia (Federation)
Form subdivision Juvenile fiction.
651 #0 - SUBJECT ADDED ENTRY--GEOGRAPHIC NAME
Geographic name Siberia (Russia)
Form subdivision Juvenile fiction.
942 ## - ADDED ENTRY ELEMENTS (KOHA)
Source of classification or shelving scheme
Koha item type Books - Fiction
Holdings
Withdrawn status Lost status Source of classification or shelving scheme Damaged status Not for loan Collection code Permanent Location Current Location Shelving location Date acquired Full call number Barcode Date last seen Price effective from Koha item type
          Fiction KH8 Senior School Library KH8 Senior School Library Fiction 2025-11-19 FIC ORT 3KHSL000102537 2025-11-19 2025-11-19 Books - Fiction

Powered By KH8 IT Dept